[Event "AUTO-OPEN-2394"]
[Site "http://www.queenalice.com/game.php?id=951931"]
[Date "2011.6.20"]
[Round "1"]
[White "CSilva"]
[Black "REUSKING"]
[Result "0-1"]
[WhiteElo "1832"]
[BlackElo "2071"]

1. e4 e5 2. Nf3 Nf6 3. Nc3 Nc6 4. Bc4 Bc5 5. d3 h6 6. O-O d6 7. h3 Na5 8. Nd2
Nxc4 9. Nxc4 Be6 10. Ne3 O-O 11. Bd2 d5 12. exd5 Nxd5 13. Ncxd5 Bxd5 14. Nxd5
Qxd5 15. Be3 Bd6 16. Qg4 Kh8 17. Rfe1 f5 18. Qd1 f4 19. Bc1 Rf6 20. c4 Qe6 21.
a3 f3 22. g3 Qxh3 0-1

[Event "AUTO-OPEN-2394"]
[Site "http://www.queenalice.com/game.php?id=951932"]
[Date "2011.6.20"]
[Round "1"]
[White "REUSKING"]
[Black "CSilva"]
[Result "1-0"]
[WhiteElo "2076"]
[BlackElo "1835"]

1. e4 c5 2. Nf3 Nc6 3. d4 cxd4 4. Nxd4 Nf6 5. Nc3 e5 6. Ndb5 a6 7. Nd6+ Bxd6 8.
Qxd6 Qe7 9. Qxe7+ Nxe7 10. f3 O-O 11. Bc4 b5 12. Bd5 Nexd5 13. Nxd5 Nxd5 14.
exd5 d6 15. O-O Bb7 16. Be3 Rfd8 17. Rfd1 Rac8 18. c3 f5 19. Rd2 f4 20. Bf2 g5
21. h3 h5 22. Re1 h4 23. a3 Kg7 24. Re4 Kf6 25. a4 bxa4 26. Rxa4 Rd7 27. c4 Rdc7
28. b3 Kf5 29. Rc2 Kf6 30. Rb4 Kf5 31. Rb6 Rd7 32. Ra2 Kf6 33. Be1 Ke7 34. Bb4
Rcc7 35. Kf2 Bc8 36. Ke2 Rb7 37. Raxa6 Rxb6 38. Rxb6 Rd8 39. Kd3 Bf5+ 40. Ke2
Bc2 41. Kd2 Bxb3 42. Bxd6+ Rxd6 43. Rxb3 Rd7 44. Kd3 Kd6 45. Rb6+ Kc7 46. Rg6
1-0

[Event "AUTO-OPEN-2394"]
[Site "http://www.queenalice.com/game.php?id=951933"]
[Date "2011.6.20"]
[Round "1"]
[White "CSilva"]
[Black "jepoy100"]
[Result "1/2-1/2"]
[WhiteElo "1829"]
[BlackElo "1995"]

1. e4 c5 2. Nf3 Nc6 3. d4 cxd4 4. Nxd4 d6 5. Bc4 Nf6 6. Nc3 e6 7. Bg5 Be7 8. Qd2
O-O 9. O-O-O Bd7 10. h4 a6 11. h5 b5 12. Nxc6 Bxc6 13. Bd3 b4 14. Ne2 Nxe4 15.
Bxe7 Qxe7 16. Bxe4 Bxe4 17. Qxd6 Qxd6 18. Rxd6 Bxg2 19. Rg1 Bf3 20. Ng3 Rfd8 21.
Rxd8+ Rxd8 22. h6 g6 23. b3 Kf8 24. Re1 Bg4 25. Ne4 Ke7 26. Ng5 Rh8 27. Re4 Bf5
28. Rxb4 Kf6 29. Nf3 Rc8 30. c4 g5 31. Rb6 Ra8 32. c5 Be4 33. Nd4 Ke5 34. Nc2 a5
35. Kd2 Bxc2 36. Kxc2 Ra7 37. Kd3 Kd5 38. Rb8 Kxc5 39. Rg8 f6 40. Rg7 Ra8 41.
Rxh7 Kd5 42. Rg7 Rh8 43. h7 Kd6 44. Ra7 f5 45. Kd4 e5+ 46. Kd3 g4 47. a3 Rb8 48.
b4 axb4 49. axb4 f4 50. Rg7 Rh8 51. b5 Kc5 52. Ke4 Kxb5 53. Kxe5 g3 54. fxg3
fxg3 55. Rxg3 Rxh7 56. Rg5 1/2-1/2

[Event "AUTO-OPEN-2394"]
[Site "http://www.queenalice.com/game.php?id=951934"]
[Date "2011.6.20"]
[Round "1"]
[White "jepoy100"]
[Black "CSilva"]
[Result "1-0"]
[WhiteElo "1950"]
[BlackElo "1847"]

1. e4 c5 2. Nf3 Nc6 3. Bc4 e6 4. O-O d6 5. c3 Be7 6. d4 cxd4 7. cxd4 Nf6 8. Nc3
O-O 9. h3 Bd7 10. a3 Rc8 11. Bb3 Na5 12. Ba2 Qb6 13. Rb1 Nc4 14. Be3 Nxe3 15.
fxe3 Rc6 16. Kh1 Rfc8 17. Qe1 Qa6 18. d5 exd5 19. exd5 R6c7 20. Rd1 h6 21. Bb1
Bb5 22. Rf2 Bc4 23. e4 Nh7 24. Qe3 Bf6 25. e5 dxe5 26. Qe4 Nf8 27. Qf5 Qd6 28.
Qg4 Qd7 29. Qe4 Rd8 30. Nxe5 Bxe5 31. Qxe5 Rc5 32. Qe3 Qc7 33. Qf3 Nh7 34. d6
Rxd6 35. Rxd6 Qxd6 36. Ne4 Qc7 37. Nxc5 Qxc5 38. Bxh7+ Kxh7 39. Qe4+ Kg8 40. Rc2
b5 41. b3 1-0

[Event "AUTO-OPEN-2411"]
[Site "http://www.queenalice.com/game.php?id=958956"]
[Date "2011.7.10"]
[Round "1"]
[White "kudabux"]
[Black "CSilva"]
[Result "1-0"]
[WhiteElo "2195"]
[BlackElo "1856"]

1. d4 d5 2. c4 c6 3. e3 Bf5 4. Nd2 h6 5. Ngf3 Nf6 6. cxd5 cxd5 7. Qb3 Qc7 8.
Bb5+ Nc6 9. O-O a6 10. Bxc6+ Qxc6 11. Ne5 Qc7 12. Ndf3 e6 13. Bd2 Be7 14. Rfc1
Qd8 15. Qxb7 O-O 16. Nc6 1-0

[Event "AUTO-OPEN-2411"]
[Site "http://www.queenalice.com/game.php?id=958957"]
[Date "2011.7.10"]
[Round "1"]
[White "CSilva"]
[Black "kudabux"]
[Result "0-1"]
[WhiteElo "1836"]
[BlackElo "2205"]

1. e4 c5 2. Nf3 d6 3. d4 cxd4 4. Qxd4 Bd7 5. Be3 Nc6 6. Qd2 Nf6 7. Nc3 g6 8. Bc4
Bg7 9. O-O-O O-O 10. h4 a6 11. a3 b5 12. Ba2 b4 13. axb4 Nxb4 14. Bb3 Qa5 15.
Nd4 Nxe4 16. Qe2 Qa1+ 17. Nb1 Nc5 18. Kd2 Qxb2 19. Nc3 Nxb3+ 20. Nxb3 Bxc3# 0-1

[Event "AUTO-OPEN-2411"]
[Site "http://www.queenalice.com/game.php?id=958984"]
[Date "2011.7.10"]
[Round "1"]
[White "CSilva"]
[Black "ediselva"]
[Result "0-1"]
[WhiteElo "1854"]
[BlackElo "1696"]

1. e4 c5 2. Nf3 d6 3. d4 cxd4 4. Qxd4 Nc6 5. Bb5 Bd7 6. Bxc6 Bxc6 7. Nc3 e5 8.
Qd3 Nf6 9. h3 Be7 10. Be3 Qc7 11. O-O-O O-O 12. g4 Rfd8 13. Nh4 Nxe4 14. Nxe4
Bxe4 15. Qxe4 Bxh4 16. g5 Rac8 17. Rd2 Qc4 18. Qxb7 Qxa2 19. Qxa7 Qxa7 20. Bxa7
Ra8 0-1

[Event "AUTO-OPEN-2411"]
[Site "http://www.queenalice.com/game.php?id=958985"]
[Date "2011.7.10"]
[Round "1"]
[White "ediselva"]
[Black "CSilva"]
[Result "1-0"]
[WhiteElo "1742"]
[BlackElo "1834"]

1. e4 c5 2. Nf3 Nc6 3. d4 cxd4 4. Nxd4 Nf6 5. Nc3 g6 6. Bg5 Bg7 7. f4 d6 8. Bb5
Bd7 9. Nf3 O-O 10. Qd2 Qb6 11. O-O-O a6 12. Bc4 Rac8 13. Bb3 Na5 14. Bxf6 Nxb3+
15. axb3 Bxf6 16. e5 dxe5 17. fxe5 Bg7 18. Qxd7 e6 19. Qd4 Qa5 20. Qa4 Qb6 21.
Qh4 Qe3+ 22. Kb1 h6 23. Rhe1 Qc5 24. Re4 b5 25. Rd7 b4 26. Rxb4 g5 27. Qd4 Qc6
28. Rb6 Qa8 29. Rbb7 a5 30. Ne4 1-0

[Event "AUTO-OPEN-2411"]
[Site "http://www.queenalice.com/game.php?id=958986"]
[Date "2011.7.10"]
[Round "1"]
[White "CSilva"]
[Black "frank_lasker"]
[Result "0-1"]
[WhiteElo "1794"]
[BlackElo "1859"]

1. e4 e5 2. Nf3 Nf6 3. d3 Nc6 4. Be2 Bc5 5. O-O d5 6. exd5 Qxd5 7. Nc3 Qe6 8.
Be3 Bxe3 9. fxe3 O-O 10. Qe1 e4 11. Nxe4 Nxe4 12. dxe4 Qxe4 13. Bd3 Qe7 14. Qf2
b6 15. a3 Bb7 16. Rae1 Ne5 17. Nxe5 Qxe5 18. Qh4 h6 19. b3 Rfe8 20. Rf5 Qc3 21.
Qf2 f6 22. Qg3 Qd2 23. Rff1 Re7 24. Qg6 Kf8 25. e4 Re5 26. Re2 Qa5 27. a4 Rg5
28. Qh7 Qe5 29. Rf5 Qa1+ 30. Kf2 Qd4+ 31. Kf1 Kf7 32. Rxg5 hxg5 33. Bc4+ Ke7 34.
Qxg7+ Kd8 0-1

[Event "AUTO-OPEN-2411"]
[Site "http://www.queenalice.com/game.php?id=958987"]
[Date "2011.7.10"]
[Round "1"]
[White "frank_lasker"]
[Black "CSilva"]
[Result "1-0"]
[WhiteElo "1886"]
[BlackElo "1851"]

1. f4 e6 2. Nf3 d5 3. e3 Nf6 4. b3 Bd6 5. Bb2 Nbd7 6. Nc3 O-O 7. Ne2 b5 8. Ng3
a6 9. Bd3 c5 10. O-O Bb7 11. Ne5 Bc7 12. Nh5 Nxe5 13. Bxe5 Bxe5 14. fxe5 Nxh5
15. Qxh5 g6 16. Qh6 c4 17. bxc4 dxc4 18. Be2 Qxd2 19. Bf3 Bxf3 20. Rxf3 Qxc2 21.
Rh3 g5 22. Qxg5+ Qg6 23. Qh4 Kh8 24. Rf1 Ra7 25. e4 Qg7 26. Rf6 Rg8 27. Rg3 Qf8
28. Rh6 Rxg3 29. hxg3 Qc5+ 30. Kh2 Qxe5 31. Rxh7+ Kg8 32. Rh5 f5 33. Qd8+ 1-0

[Event "AUTO-ADV-2219"]
[Site "http://www.queenalice.com/game.php?id=960414"]
[Date "2011.7.14"]
[Round "1"]
[White "qxr"]
[Black "CSilva"]
[Result "1-0"]
[WhiteElo "1878"]
[BlackElo "1867"]

1. Nf3 Nc6 2. d4 d5 3. c4 e6 4. Nc3 Nf6 5. Bg5 Be7 6. e3 O-O 7. Rc1 Bd7 8. Bxf6
Bxf6 9. cxd5 exd5 10. Nxd5 Be6 11. Nxf6+ Qxf6 12. b3 Bd5 13. Be2 Rfe8 14. O-O
Rac8 15. a3 Ne7 16. b4 Nf5 17. Qc2 Nd6 18. Ne5 Qg5 19. Nf3 Bxf3 20. Bxf3 c6 21.
Rfe1 h5 22. h3 Nf5 23. Kh1 Nh4 24. Rg1 Nxf3 25. gxf3 Qf6 26. f4 Qe6 27. Kh2 Qe4
28. Qe2 Re6 29. Rg5 Rh6 30. Re5 Qh7 31. d5 Rd8 32. dxc6 Rxc6 33. Qd1 Rcd6 34.
Qxd6 1-0

[Event "AUTO-ADV-2219"]
[Site "http://www.queenalice.com/game.php?id=960415"]
[Date "2011.7.14"]
[Round "1"]
[White "CSilva"]
[Black "qxr"]
[Result "0-1"]
[WhiteElo "1808"]
[BlackElo "1867"]

1. e4 c5 2. Nf3 e6 3. d4 cxd4 4. Nxd4 Nc6 5. Bc4 Nf6 6. Nc3 Qc7 7. f3 a6 8. Be3
b5 9. Be2 Bb4 10. Qd3 Ne5 11. Qd2 O-O 12. a3 Be7 13. O-O d6 14. Bd3 Nxd3 15.
cxd3 Bb7 16. Rac1 Qd7 17. Nde2 e5 18. Ng3 d5 19. Nxd5 Nxd5 20. exd5 Bxd5 21. Ne4
Bxe4 22. fxe4 Bd6 23. Qf2 Kh8 24. Bc5 Bxc5 25. Qxc5 Qxd3 26. Qxe5 Qe3+ 27. Kh1
f6 28. Qf5 Rfe8 29. Rce1 Qd2 30. e5 Rad8 31. e6 Re7 32. b4 Qa2 33. Qc5 Rxe6 34.
Rxe6 Qxe6 35. Qc3 Qe2 36. Qf3 Qxf3 37. gxf3 Rd3 0-1

[Event "AUTO-ADV-2219"]
[Site "http://www.queenalice.com/game.php?id=960430"]
[Date "2011.7.14"]
[Round "1"]
[White "CSilva"]
[Black "rodracena"]
[Result "0-1"]
[WhiteElo "1735"]
[BlackElo "1797"]

1. e4 d5 2. exd5 Qxd5 3. Nc3 Qa5 4. Nf3 c6 5. Bc4 Nf6 6. O-O Nbd7 7. d3 e6 8.
Bd2 Be7 9. Nd5 exd5 10. Bxa5 dxc4 0-1

[Event "AUTO-ADV-2219"]
[Site "http://www.queenalice.com/game.php?id=960432"]
[Date "2011.7.14"]
[Round "1"]
[White "CSilva"]
[Black "Markan"]
[Result "0-1"]
[WhiteElo "1752"]
[BlackElo "1830"]

1. e4 e5 2. Nf3 d6 3. d4 Qe7 4. dxe5 dxe5 5. Nc3 Nf6 6. Be2 h6 7. h3 Qe6 8. Be3
Bd6 9. Qd2 Bb4 10. a3 Bxc3 11. Qxc3 Nc6 12. Bb5 Bd7 13. Bd3 O-O 14. Bc4 Qe7 15.
O-O-O Nxe4 16. Qd3 Nf6 17. Qe2 Ne4 18. Nd2 Nf6 19. g4 Be6 20. g5 Nh7 0-1

[Event "AUTO-ADV-2219"]
[Site "http://www.queenalice.com/game.php?id=960433"]
[Date "2011.7.14"]
[Round "1"]
[White "Markan"]
[Black "CSilva"]
[Result "1-0"]
[WhiteElo "1816"]
[BlackElo "1766"]

1. e4 c5 2. d4 cxd4 3. Qxd4 Nc6 4. Qd1 e5 5. g3 d6 6. Nc3 Nf6 7. Bg2 Be7 8. h3
O-O 9. Nf3 Bd7 10. Nd5 Nxe4 11. Nxe5 Nxf2 12. Kxf2 Nxe5 13. Nxe7+ Qxe7 14. Bxb7
Rab8 15. Bd5 Qf6+ 16. Kg2 Rb5 17. c4 Rc5 18. b3 Bc6 19. Rf1 Bxd5+ 20. cxd5 Qg6
21. Be3 Rc2+ 22. Rf2 1-0